Manual de psicología educacional
Gardado en:
| Main Authors: | , , |
|---|---|
| Formato: | Libro |
| Idioma: | Lingua castelá |
| Publicado: |
Ciudad de México
Alfaomega
2009
|
| Edición: | 6a. ed |
| Subjects: | |
| Tags: |
Engadir etiqueta
Sen Etiquetas, Sexa o primeiro en etiquetar este rexistro!
|
MARC
| LEADER | 00000cam a2200000 a 4500 | ||
|---|---|---|---|
| 001 | UCF9246 | ||
| 003 | CL-VaPUC | ||
| 008 | 131111e20090000mx |||||||||||||||||spa|d | ||
| 020 | |a 9786077686163 | ||
| 082 | 0 | 4 | |a 370.15 |b ARA |2 21 |
| 100 | 0 | |a Arancibia C., Violeta |e author |9 571506 | |
| 700 | 0 | |a Herrera P., Paulina |e author |9 571507 | |
| 700 | 0 | |a Strasser S., Katherine |e author |9 571508 | |
| 245 | 1 | 0 | |a Manual de psicología educacional |
| 250 | |a 6a. ed | ||
| 300 | |a 332 p | ||
| 942 | |c BK | ||
| 945 | |d 20131111 15:03:00 |a cmena | ||
| 260 | |a Ciudad de México |b Alfaomega |c 2009 | ||
| 650 | 0 | |a Psicología educacional |9 307830 | |
| 650 | 7 | |a TEORIAS PSICOLOGICAS |2 CL-VaPUC |9 455532 | |
| 650 | 0 | |a Cognición |9 270347 | |
| 650 | 0 | |a Rol del docente |9 329733 | |
| 583 | |a last modification |c 20131111 15:03:00 |k Rodrigo Vera | ||
| 999 | |c 353719 |d 353717 | ||
| 952 | |0 0 |1 0 |3 erb |4 0 |6 370_150000000000000_ARA_2009 |7 0 |8 A |9 459081 |a BIBMAT |b BIBMAT |c E_DIDACT |d 2019-11-23 |i 5026121 |o 370.15 ARA 2009 |p 5026121 |r 2025-01-07 |w 2019-11-23 |y BK |z Catalogado en:20131111 |k MAT | ||